| 000 | 00767nam a22002657a 4500 | ||
|---|---|---|---|
| 001 | 3763 | ||
| 003 | FISKH | ||
| 005 | 20240430155924.0 | ||
| 008 | 240430b cb ||||| |||| 00| 0 eng d | ||
| 020 | _a9781617418761 | ||
| 040 |
_aFISKH _beng _cFISKH _dFISKH |
||
| 050 | _aTL236.R34 | ||
| 082 | _a629.222 | ||
| 100 |
_aReasoner , Charles _eauthor |
||
| 245 |
_aCars ! : _bBig busy machines / _cCharles Reasoner |
||
| 300 |
_a8 unnumbered pages : _bcolor illustrations ; _c14 cm . |
||
| 490 | _aLittle Bridle Books | ||
| 505 | _aD | ||
| 520 | _aCome along with car as he spends the day at work . | ||
| 521 | 8 |
_a160
_bLexile estimate |
|
| 521 | 8 |
_aD
_bRaz-Plus |
|
| 650 |
_aTransportation _vFiction |
||
| 942 |
_2ddc _cBK _n0 |
||
| 999 |
_c3763 _d3763 |
||